LIBRARY & INFORMATION CENTRE, KCAET, TAVANUR

ONLINE PUBLIC ACCESS CATALOGUE (OPAC)

Principles of agricultural engineering, Vol 2 / (Record no. 9924)

MARC details
000 -LEADER
fixed length control field 00736cam a2200301ua 4500
020 ## - INTERNATIONAL STANDARD BOOK NUMBER
ISBN 81-86321-15-2
041 ## - LANGUAGE CODE
Language code of text/sound track or separate title eng
082 ## - DEWEY DECIMAL CLASSIFICATION NUMBER
Classification number 631.1
Item number MIC/PR
100 ## - MAIN ENTRY--AUTHOR NAME
Personal name Michael, A.M.
245 ## - TITLE STATEMENT
Title Principles of agricultural engineering, Vol 2 /
250 ## - EDITION STATEMENT
Edition statement 3 /
260 ## - PUBLICATION, DISTRIBUTION, ETC. (IMPRINT)
Place of publication New Delhi :
Name of publisher Jain Brothers ,
Year of publication 1999.
300 ## - PHYSICAL DESCRIPTION
Number of Pages 88 ; .
700 1# - ADDED ENTRY--PERSONAL NAME
Personal name Ojha, T.P.
942 ## - ADDED ENTRY ELEMENTS (KOHA)
Koha item type Books
Holdings
Withdrawn status Lost status Damaged status Home library Current library Date acquired Full call number Accession Number Koha item type Collection code Shelving location Source of acquisition Cost, normal purchase price
      KAUAET KAUAET 07/04/2012 631.1 MIC/PR 20715 Books        
      KAUAET KAUAET 07/04/2012 631.1 MIC/PR 20714 Books        
      KAUAET KAUAET 07/04/2012 631.1 MIC/PR 20719 Books        
      KAUAET KAUAET 07/04/2012 631.1 MIC/PR 20718 Books        
      KAUAET KAUAET 07/04/2012 631.1 MIC/PR 20720 Books        
      KAUAET KAUAET 07/04/2012 631.1 MIC/PR 20725 Books        
Withdrawn     KAUAET KAUAET 07/04/2012 631.1 MIC/PR 20724 Books        
      KAUAET KAUAET 07/04/2012 631.1 MIC/PR 20712 Books        
      KAUAET KAUAET 07/04/2012 631.1 MIC/PR 20726 Books        
      KAUAET KAUAET 07/04/2012 631.1 MIC/PR 20713 Books        
      KAUAET KAUAET 30/03/2013 631.1 MIC/PR 23643 Books Non-fiction General Stacks Calicut Book Distributors 395.00
      KAUAET KAUAET 30/03/2013 631.1 MIC/PR 23865 Books Non-fiction General Stacks Neoti Book Agency 395.00
      KAUAET KAUAET 30/03/2013 631.1 MIC/PR 23866 Books Non-fiction General Stacks Neoti Book Agency 395.00
      KAUAET KAUAET 30/03/2013 631.1 MIC/PR 24097 Books   General Stacks Aman Book Stall, Calicut  
      KAUAET KAUAET 31/03/2014 631.1 MIC/PR 24352 Books   General Stacks   375.00
free website counter